<?xml version="1.0" encoding="UTF-8"?>
<collection xmlns="http://www.loc.gov/MARC21/slim">
 <record>
  <leader>01843nam a2200181 a 4500</leader>
  <controlfield tag="001">1/28924</controlfield>
  <controlfield tag="008">051213s2003    gr a          00010 gre d</controlfield>
  <datafield tag="035" ind1=" " ind2=" ">
   <subfield code="l">30982</subfield>
  </datafield>
  <datafield tag="040" ind1=" " ind2=" ">
   <subfield code="a">GR-PeUP</subfield>
  </datafield>
  <datafield tag="082" ind1="0" ind2="0">
   <subfield code="a">338.04 ΕΛΛ</subfield>
  </datafield>
  <datafield tag="110" ind1="2" ind2=" ">
   <subfield code="a">Ελλάδα.Υπουργείο Ανάπτυξης.</subfield>
   <subfield code="b">Ειδική Γραμματεία για την ανταγωνιστικότητα. Κοινοτικό πλαίσιο στήριξης 2000-2006.Επιχειρησιακό πρόγραμμα &quot;Ανταγωνιστικότητα&quot;.</subfield>
  </datafield>
  <datafield tag="245" ind1="1" ind2="2">
   <subfield code="a">2 Forum για την επιχειρηματικότητα :</subfield>
   <subfield code="b">Πρακτικά : Η επιχερηματικότητα πυλώνας των πολιτικών για την ενίσχυση της ανταγωνιστικότητας της ελληνικής οικονομίας : πρώτες εκτιμήσεις και αποτελέσματα από την υλοποίηση του επιχειρησιακού προγράμματος &quot;Ανταγωνιστικότητα&quot; , Αθήνα, 3 και 4 Δεκεμβρίου 2003, Ξενοδοχείο Divani Caravel /</subfield>
   <subfield code="c">Υπουργείο ανάπτυξης Ειδική Γραμματεία για την ανταγωνιστικότητα κοινοτικό πλαίσιο στήριξης 2000-2006 / Επιχειρησιακό Πρόγραμμα &quot;Ανταγωνιστικότητα&quot;</subfield>
  </datafield>
  <datafield tag="260" ind1=" " ind2=" ">
   <subfield code="a">Αθήνα :</subfield>
   <subfield code="b">Υπουργείο Ανάπτυξης,</subfield>
   <subfield code="c">2003</subfield>
  </datafield>
  <datafield tag="300" ind1=" " ind2=" ">
   <subfield code="a">222 σ. :</subfield>
   <subfield code="b">εικ. ;</subfield>
   <subfield code="c">30 εκ.</subfield>
  </datafield>
  <datafield tag="650" ind1=" " ind2="4">
   <subfield code="a">Επιχειρήσεις.</subfield>
  </datafield>
  <datafield tag="650" ind1=" " ind2="4">
   <subfield code="a">Ανταγωνισμός</subfield>
   <subfield code="z">Ελλάδα.</subfield>
  </datafield>
  <datafield tag="711" ind1="2" ind2=" ">
   <subfield code="a">Forum για την επιχερηματικότητα</subfield>
   <subfield code="n">(2ο :</subfield>
   <subfield code="d">2003 :</subfield>
   <subfield code="c">Αθήνα)</subfield>
  </datafield>
  <datafield tag="852" ind1=" " ind2=" ">
   <subfield code="a">INST</subfield>
   <subfield code="b">UNIPILB</subfield>
   <subfield code="c">MAIN</subfield>
   <subfield code="e">20051215</subfield>
   <subfield code="h">338.04 ΕΛΛ</subfield>
   <subfield code="p">00149534</subfield>
   <subfield code="q">00149534</subfield>
   <subfield code="t">LOAN</subfield>
   <subfield code="y">0</subfield>
   <subfield code="4">1</subfield>
  </datafield>
 </record>
</collection>
